000 01166nac a22003257a 4500
001 BR7803661
003 BR-BrBNA
005 20240105114235.0
008 230509b bl.|||m| |||| 00| 0 por d
040 _aBR-BrBNA
_bpor
_cBiblioteca Nacional de Agricultura
072 _aL70; L73
090 _a4100 BR7803661
110 1 _aSecretaria de Estado da Agricultura, Curitiba, PR (Brasil). Depto. de Fiscalizacao. Coordenadoria de Defesa Sanitaria Animal
_98822
245 1 _aRelatorio da Coordenadoria de Defesa Sanitaria Animal - 1977 [Veterinaria; Higiene; Doenca animal; Aftosa; Brucelose; Raiva; Brasil]
260 3 _aCuritiba, PR (Brasil):
_c1978.
300 _a59 p.
490 _aRelatorio - Secretaria de Estado da Agricultura. Depto. de Fiscalizacao. Coordenadoria de Defesa Sanitaria Animal (Brazil)
_v
_x
500 _aNumerical data
650 _aVeterinaria
650 _aHigiene
650 _aDoenca animal
650 _aAftosa
650 _aBrucelose
650 _aRaiva
650 _aDefesa animal
650 _aEducacao veterinaria
650 _aVacina
909 _a202312
_bLúcia Elande
_c55
_dLúcia Elande
942 _2AGRIS
_n0
_cMS
999 _c268205
_d268205